00469nam a2200193 a 4500001001300000003000900013005001700022008004100039020001000080082001700090100001600107245002400123260003200147300000900179500003500188505001300223650002300236700001600259nice12345678IN_TiNIC20260116011339.0050524s1903 mada grp 000 0 eng  ac10000a181.07bKHA2 aKhan, Khaja aPhilosophy of Islam aMadrasbHogarth Pressc1903 a120p aincludes index and biblioraphy2 aarchives aPhilosophy-Islamic1 aKhan, Khaja